| 000 | 00342nam a22001457a 4500 | ||
|---|---|---|---|
| 008 | 230329b ||||| |||| 00| 0 eng d | ||
| 020 | _a9780137081608 | ||
| 041 | _aeng | ||
| 080 |
_2NINTH EDITION VOLUME 1 VOLUME 2 _a004 |
||
| 082 | _a004HOR | ||
| 100 | _a18 | ||
| 101 | _aSHKPJ | ||
| 245 |
_aCORE JAVA _cHORSTMANN.S.C |
||
| 942 |
_2udc _cBK |
||
| 999 |
_c59471 _d59471 |
||